Datum a čas kvízu
31.5
Celkem bodů
Celkový počet nahraných bodů na tomto kvízu bez doplňovacích otázek.
6.
Pořadí na kvízu
Konečné umístění týmu na tomto kvízu.
Zaznamenané odpovědi
| # | Otázka | Odpověď | Body | Výsledky |
|---|---|---|---|---|
| 1. | Automobilka Škoda v minulém tý... | Laurin & Klement Kampus | 1 | |
| 2. | Vědci představili revoluční zp... | hlavy | 0 | |
| 3. | Která hollywoodská herečka si... | Scarlett Johansson | 1 | |
| 4. | Vermontská státní univerzita u... | kočkou (kocourem) | 1 | |
| 5. | Který klub, jenž byl ještě ned... | Příbram | 0 | |
| 6. | Středověk bývá obvykle ohranič... | D | 1 | |
| 7. | Jak se jmenoval významný střed... | Magna Carta (Magna charta libertatum) | 1 | |
| 8. | Přemyslovci v českých zemích v... | C | 0 | |
| 9. | Vytvořte z těchto středověkých... | 1C 2B 3A 4D | 0 | |
| 10. | Závěrem tématu se podíváme na... | tulipán | 1 |